Statistics for 1000 Greatest Jazz Standards

Click here to take the quiz!

General Stats

  • This quiz has been taken 108 times
  • The average score is 76 of 1000

Answer Stats

RankYearSong Name% Correct
111947Autumn Leaves (Les Feuilles Mortes)
63%
4351959So What
63%
231941Take the "A" Train
63%
6561960Take Five
56%
4791963The Girl from Ipanema
51%
711931All of Me
49%
3521954Fly Me to the Moon (In Other Words)
49%
2541959Giant Steps
49%
201914St Louis Blues
49%
31935Summertime
49%
21939All the Things You Are
47%
5571963Blue Bossa
47%
4261959Blue in Green
40%
11930Body and Soul
40%
7751939In the Mood
40%
41944Round Midnight
40%
9451967What a Wonderful World
40%
6071925Who
40%
5371954Four
37%
561954Misty
37%
401942Night in Tunisia
37%
101946Stella By Starlight
37%
6091963Watermelon Man
37%
6191965Yesterday
37%
171936Caravan
35%
391938Cherokee (Indian Love Song)
35%
61937My Funny Valentine
35%
551930On the Sunny Side of the Street
35%
1301932April in Paris
33%
1851954Blue Monk
33%
731930I Got Rhythm
33%
1101928Mack the Knife
33%
2801954Oleo
33%
251947On Green Dolphin Street
33%
4621946Ornithology
33%
121929Star Dust
33%
431942There Will Never Be Another You
33%
5121964Waltz for Debby
33%
1171935Goodbye
30%
191935In a Sentimental Mood
30%
3331959My Favorite Things
30%
5331961One Note Samba
30%
7961941Salt Peanuts
30%
321929Ain't Misbehavin'
28%
441930Georgia on My Mind
28%
601944It Could Happen to You
28%
841932It Don't Mean a Thing
28%
2711947Scrapple from the Apple
28%
6241936Sing, Sing, Sing
28%
2401937Someday My Prince Will Come
28%
1631951Straight No Chaser
28%
6811940Strange Fruit
28%
81930What Is This Thing Called Love?
28%
3561954All of You
26%
1211934Autumn in New York
26%
1121945Billie's Bounce
26%
541930But Not for Me
26%
3821962Corcovado (Quiet Nights of Quiet Stars)
26%
1941947Donna Lee
26%
6101959Goodbye Pork Pie Hat
26%
2701935I Loves You Porgy
26%
7711961Impressions
26%
851931Just Friends
26%
1531952Lullaby of Birdland
26%
5651959Moanin'
26%
631938Over the Rainbow
26%
481936Stompin' At the Savoy
26%
1681946Yardbird Suite
26%
341918After You've Gone
23%
4831946Anthropology
23%
1481942C Jam Blues
23%
7131959Desafinado
23%
1701941God Bless the Child
23%
51935I Can't Get Started (with You)
23%
2751859Jingle Bells
23%
361949Lush Life
23%
1031949My Foolish Heart
23%
3711956St. Thomas
23%
2161967Wave
23%
91933Yesterdays
23%
941934Blue Moon
21%
403Trad.Greensleeves
21%
211940How High the Moon
21%
1191944I Love You
21%
1381957I Remember Clifford
21%
6541953Jordu
21%
9521965Maiden Voyage
21%
8891899Maple Leaf Rag
21%
331932Night and Day
21%
581942Perdido
21%
6371953Ruby
21%
3551945Ruby My Dear
21%
451953Satin Doll
21%
991933Smoke Gets in Your Eyes
21%
311933Sophisticated Lady
21%
161925Sweet Georgia Brown
21%
591924Tea for Two
21%
271936The Way You Look Tonight
21%
2821896When the Saints Go Marching In
21%
4041940White Christmas
21%
2931954Airegin
19%
2481959All Blues
19%
671946Angel Eyes
19%
3431954Bags' Groove
19%
8921948Black Coffee
19%
1261926Bye Bye Blackbird
19%
5411922Chicago (That Toddlin' Town)
19%
6181966Footprints
19%
7581964Hello Dolly
19%
491932How Deep Is the Ocean?
19%
291941I'll Remember April
19%
4581947Lady Bird
19%
7661936Let's Call the Whole Thing Off
19%
301930Love for Sale
19%
1181932Lover
19%
71942Lover Man (Oh, Where Can You Be?)
19%
2871958Milestones
19%
1611930Mood Indigo
19%
8821939Moonlight Serenade
19%
4721921My Man
19%
971953My One and Only Love
19%
911935My Romance
19%
3541945Now's the Time
19%
1751938One O'clock Jump
19%
811936Pennies from Heaven
19%
4021954Solar
19%
2121942Tangerine
19%
3051946The Christmas Song
19%
3361937The Lady Is a Tramp
19%
6521953Tune Up
19%
3131944Well You Needn't
19%
881937A Foggy Day
16%
7721959Afro Blue
16%
2181953Confirmation
16%
241930Embraceable You
16%
4551940I Could Write a Book
16%
501933I Cover the Waterfront
16%
3001944I Fall in Love Too Easily
16%
5111954Joy Spring
16%
4361938Jumpin' At the Woodside
16%
1741922Limehouse Blues
16%
5761957Moment's Notice
16%
1411944Moonlight in Vermont
16%
2631959Naima
16%
6331959Nardis
16%
8671932New Orleans
16%
621941Skylark
16%
871943Star Eyes
16%
261946Tenderly
16%
1591932The Song Is You
16%
3991943The Surrey with the Fringe on Top
16%
2591917Tiger Rag
16%
9161957Tonight
16%
3501960Work Song
16%
433194452nd Street Theme
14%
7541934Anything Goes
14%
5231951Au Privave
14%
4401944Be-Bop
14%
9141941Chattanooga Choo Choo
14%
6911954Doxy
14%
4421945Dream
14%
1021941Everything Happens to Me
14%
2221937Have You Met Miss Jones
14%
1391934I Get a Kick Out of You
14%
611941I Got It Bad (and That Ain't Good)
14%
2271940I Hear a Rhapsody
14%
9711954I Left My Heart in San Francisco
14%
411917Indiana (Back Home Again in Indiana)
14%
4951947In Walked Bud
14%
4201935It Ain't Necessarily So
14%
1811940It Never Entered My Mind
14%
1601936I've Got You Under My Skin
14%
351945Laura
14%
2021928Makin' Whoopee
14%
7981962Monk's Dream
14%
1281934Moonglow
14%
6841961Moon River
14%
5101949Move
14%
2461927My Heart Stood Still
14%
5871951My Little Suede Shoes
14%
6381952Night Train
14%
9231959Peace
14%
791940Polka Dots and Moonbeams
14%
3691930Rockin' in Rhythm
14%
761938September Song
14%
1321928Softly As in a Morning Sunrise
14%
1361934Solitude
14%
861937They Can't Take That Away from Me
14%
6481928West End Blues
14%
7051951Witchcraft
14%
531941You Don't Know What Love Is
14%
351191412th Street Rag
12%
5321949Afternoon in Paris
12%
5781911Alexander's Ragtime Band
12%
891932Alone Together
12%
2661931As Time Goes By
12%
1821928Basin Street Blues
12%
2471935Begin the Beguine
12%
2941941Besame Mucho
12%
1291927Blue Skies
12%
9111941Brazil
12%
7161945Candy
12%
1871935Cheek to Cheek
12%
6121928Cherry
12%
5851934Cocktails for Two
12%
511946Come Rain or Come Shine
12%
2331940Cottontail
12%
4231953Cry Me a River
12%
1351962Days of Wine and Roses
12%
1341925Dinah
12%
2111954Django
12%
9031960Equinox
12%
151929Honeysuckle Rose
12%
3831945Hot House
12%
1521938I Let a Song Go Out of My Heart
12%
1951935I'm in the Mood for Love
12%
2501942I'm Old Fashioned
12%
1161942I Remember You
12%
3081938Jeepers Creepers
12%
8701941Jim
12%
2191940Lester Leaps In
12%
1471944Like Someone in Love
12%
4901948Manteca
12%
5911957Maria
12%
1011934My Old Flame
12%
1441938Old Folks
12%
461938Prelude to a Kiss
12%
3471958Rhythm-A-Ning
12%
1651921Sheik of Araby
12%
4981910Shine
12%
7271959Sidewinder
12%
5241954Smile
12%
2381934Stars Fell on Alabama
12%
2391928St. James Infirmary
12%
1061933Stormy Weather (Keeps Rainin' All the Time)
12%
2811926Sunday
12%
6061966Sunny
12%
181924The Man I Love
12%
521936There Is No Greater Love
12%
281936These Foolish Things
12%
3411949Walkin'
12%
1371952When I Fall in Love
12%
3261934Winter Wonderland
12%
1731943Woody'n You
12%
421938You Go to My Head
12%
3231969A Child Is Born
9%
9861921All By Myself
9%
2651947Almost Like Being in Love
9%
731Trad.Amazing Grace
9%
8041940A Nightingale Sang in Berkeley Square
9%
5751938A-Tisket, A-Tasket
9%
8691942At Last
9%
1091920Avalon
9%
5921931Beautiful Love
9%
3941953Bernie's Tune
9%
8571934Blame It on My Youth
9%
9881920Charleston
9%
7991947Chasin' the Bird
9%
2571931Dancing in the Dark
9%
6711930Dancing on the Ceiling
9%
7421966Dolphin Dance
9%
3461942Epistrophy
9%
9761950Every Day I Have the Blues
9%
4971948Evidence
9%
3291924Fascinating Rhythm
9%
8561956Fever
9%
9411940Fine and Mellow
9%
2561940Flying Home
9%
6741936Gloomy Sunday
9%
7451929Green Eyes (Aquellos Ojos Verdes)
9%
1861944Groovin' High
9%
1621928I Can't Give You Anything but Love
9%
5531953I Love Paris
9%
2291944I'm Beginning to See the Light
9%
7181964Isfahan
9%
951931I Surrender Dear
9%
2001942Jitterbug Waltz
9%
741935Just One of Those Things
9%
9291952Kansas City
9%
7971928Let's Do It (Let's Fall in Love)
9%
4801933Let's Fall in Love
9%
2911957Li'l Darlin'
9%
571938Love Is Here to Stay
9%
8381928Marie
9%
9831926Maybe
9%
831930Memories of You
9%
4841948Misterioso
9%
5421946Monk's Mood
9%
4811935My Man's Gone Now
9%
1151948Nature Boy
9%
221924Oh, Lady Be Good!
9%
2421946Old Devil Moon
9%
3621925Remember
9%
8991946Route 66
9%
6011945Shaw Nuff
9%
7191956Somewhere
9%
8531961Stolen Moments
9%
5561928Struttin' with Some Barbecue
9%
2691927Sugar (That Sugar Baby O' Mine)
9%
9911972Superstition
9%
981927S Wonderful!
9%
2441937That Old Feeling
9%
641937The Nearness of You
9%
5991956The Preacher
9%
6141923Tin Roof Blues
9%
141939What's New?
9%
3531936Where Are You
9%
131932Willow Weep for Me
9%
7641954Young At Heart
9%
4481941Air Mail Special
7%
3021925Always
7%
7861939And the Angels Sing
7%
4751951Ask Me Now
7%
8931960A Taste of Honey
7%
8981948Baby, It's Cold Outside
7%
6031957Birk's Works
7%
4321929Black and Blue
7%
8101953Bloomdido
7%
5431955Blues in the Closet
7%
2071941Blues in the Night
7%
3241946Born to Be Blue
7%
5291947Bouncin' with Bud
7%
2241922Bugle Call Rag
7%
1331947But Beautiful
7%
8951947Cheryl
7%
9431966Christmas Time is Here
7%
1511943Come Sunday
7%
649Trad.Danny Boy
7%
5471917Darktown Strutters Ball
7%
701939Darn That Dream
7%
7571927Davenport Blues
7%
5031939Day In, Day Out
7%
430Trad.Dear Old Stockholm
7%
1041942Don't Get Around Much Anymore
7%
3891949Early Autumn
7%
5061964Emily
7%
2201944Ev'ry Time We Say Goodbye
7%
3581930Fine and Dandy
7%
9421948Four Brothers
7%
1431937Gone with the Wind
7%
3161945Good Morning Heartache
7%
4571944Have Yourself a Merry Little Christmas
7%
8151938Heart and Soul
7%
1001953Here's That Rainy Day
7%
5521963How Insensitive
7%
6681894Humoresque
7%
2901939I Concentrate on You
7%
661932(I Don't Stand A) Ghost of a Chance
7%
1791935If I Should Lose You
7%
4661950If I Were a Bell
7%
6611939I Get Along Without You Very Well
7%
2521952Invitation
7%
471944I Should Care
7%
3611924It Had to Be You
7%
4871930I've Got a Crush on You
7%
9041937I've Got My Love to Keep Me Warm
7%
5831930Just a Gigolo
7%
901929Just You, Just Me
7%
3061910King Porter Stomp
7%
8201954Lament
7%
2061928Love Me or Leave Me
7%
2511932Lullaby of the Leaves
7%
751929Mean to Me
7%
7251912Memphis Blues
7%
6991946Moose the Mooche
7%
7691963More
7%
3791930My Ideal
7%
1641911My Melancholy Baby
7%
3071943My Shining Hour
7%
1581937Nice Work If You Can Get It
7%
6591944No More
7%
4921851Old Folks at Home
7%
3301956On the Street Where You Live
7%
681931Out of Nowhere
7%
5081963People
7%
7481947Relaxin' At Camarillo
7%
2031933Rosetta
7%
7921944Sentimental Journey
7%
8461908Shine on Harvest Moon
7%
3141940Soft Winds
7%
4771957Soul Eyes
7%
2281938Spring Is Here
7%
3201929Strike Up the Band
7%
9601941String of Pearls
7%
1421931Sweet and Lovely
7%
371928Sweet Lorraine
7%
478Trad.Swing Low, Sweet Chariot
7%
9531928The Creole Love Call
7%
5301939The Lamp Is Low
7%
6981967The Look of Love
7%
6051975The Peacocks
7%
2761965The Shadow of Your Smile
7%
9271936They All Laughed
7%
6151943Tico Tico (Tico No Fuba)
7%
9441937Time Out
7%
7281941Violets for Your Furs
7%
3681922Way Down Yonder in New Orleans
7%
2171931When Your Lover Has Gone
7%
3701929Without a Song
7%
4491932You Are Too Beautiful
7%
1881942You'd Be So Nice to Come Home To
7%
3931931You're My Everything
7%
7081959A Felicidade
5%
4271936A Fine Romance
5%
8281946After Hours
5%
5451966Alfie
5%
9181924All Alone
5%
3871940All or Nothing At All
5%
5701957All the Way
5%
5091934All Through the Night
5%
4591940All Too Soon
5%
7011954A Sleepin' Bee
5%
958Trad.Auld Lang Syne
5%
6291937Azure
5%
6271948Barbados
5%
5391935Bess, You Is My Woman Now
5%
1571931Between the Devil and the Deep Blue Sea
5%
3351941Bewitched
5%
8371927Black and Tan Fantasy
5%
8081967Blood Count
5%
3271938Blue and Sentimental
5%
1981935Blue Lou
5%
5481944Blue 'N' Boogie
5%
3391927Can't Help Lovin' Dat Man
5%
6321929Can't We Be Friends
5%
5161933Carioca
5%
9261937Change Partners
5%
2211941Chelsea Bridge
5%
7651955Daahoud
5%
3971884Dark Eyes
5%
6951945Day By Day
5%
2371941Day Dream
5%
5951942Dearly Beloved
5%
3381926Deed I Do
5%
5721948Detour Ahead
5%
1831938Don't Be That Way
5%
2531944Don't Explain
5%
9101941Dream Dancing
5%
1251934East of the Sun (and West of the Moon)
5%
8221960Exodus
5%
8231919Fidgety Feet
5%
1461941Flamingo
5%
8631945For Sentimental Reasons
5%
7231930For You
5%
4381939Frenesi
5%
1691929Get Happy
5%
4101938Get Out of Town
5%
6111965Girl Talk
5%
7211942Happiness Is a Thing Called Joe
5%
8071943Harlem Nocturne
5%
2131927How Long Has This Been Going On?
5%
2451923I Cried for You
5%
821939I Didn't Know What Time It Was
5%
7881945If I Loved You
5%
2861938I Hadn't Anyone Till You
5%
4281939I'll Never Smile Again
5%
2341934Ill Wind
5%
1781939Imagination
5%
8961936I'm an Old Cowhand (From the Rio Grande)
5%
2581930I'm Confessin' That I Love You
5%
1401940In a Mellow Tone
5%
2091937In the Still of the Night
5%
2231955In Your Own Sweet Way
5%
3371932Isn't It Romantic
5%
1081939I Thought About You
5%
6761939It's a Blue World
5%
2791953It's All Right with Me
5%
9621945It's Been a Long, Long Time
5%
1541933It's Only a Paper Moon
5%
1841932I've Got the World on a String
5%
9991935I Won't Dance
5%
7501932(I Would Do) Anything for You
5%
3801921Jazz Me Blues
5%
8011941Jersey Bounce
5%
9351941Jump for Joy
5%
2311941Just Squeeze Me (But Don't Tease Me)
5%
6821931Lazy River
5%
5541945Let It Snow! Let It Snow! Let It Snow!
5%
9901935Let's Dance
5%
1241935Little Girl Blue
5%
1891929Liza (All the Clouds'll Roll Away)
5%
4081929Louise
5%
5671950Love You Madly
5%
9921935Lullaby of Broadway
5%
9381952Mambo Inn
5%
4891925Manhattan
5%
8871963Mas Que Nada
5%
3251947Midnight Sun
5%
7761933Moon Song (That Wasn't Meant for Me)
5%
4181956Nica's Dream
5%
538Trad.Nobody Knows the Trouble I've Seen
5%
9701938Now It Can Be Told
5%
5041939Nuages
5%
2361927Ol' Man River
5%
6831963Once I Loved
5%
7391943One for My Baby (And One More for the Road)
5%
4341944Out of This World
5%
8581947Ow!
5%
4941956Pannonica
5%
5801931Penthouse Serenade
5%
8061943People Will Say We're in Love
5%
3341936Poinciana
5%
9781945Red Cross
5%
7061952Reflections
5%
1991917Rose Room
5%
2041919Royal Garden Blues
5%
4691927Russian Lullaby
5%
4171934Santa Claus Is Coming to Town
5%
7071973Send in the Clowns
5%
2741937September in the Rain
5%
4211955Shiny Stockings
5%
8511947Sippin' At Bell's
5%
5441959Sister Sadie
5%
1721924Somebody Loves Me
5%
771926Someone to Watch Over Me
5%
3811929Soon
5%
8491924South
5%
7551955Spring Can Really Hang You Up the Most
5%
7111941Squatty Roo
5%
8291944Star Crossed Lovers
5%
3761932Street of Dreams
5%
7091960Strollin'
5%
6921945Stuffy
5%
1931928Sweet Sue, Just You
5%
6531922Tain't Nobody's Business If I Do
5%
2141940Taking a Chance on Love
5%
8331955The Duke
5%
8601954The Man That Got Away
5%
2731948The Night Has a Thousand Eyes
5%
2841936There's a Small Hotel
5%
5981927The Song Is Ended
5%
1231938This Can't Be Love
5%
2781927Thou Swell
5%
1311947Time After Time
5%
1561930Time on My Hands
5%
6231947Tin Tin Deo
5%
6211941Tis Autumn
5%
3441937Too Marvelous for Words
5%
9721955Too Young to Go Steady
5%
5461940Warm Valley
5%
4001964Watch What Happens
5%
9801939Wham
5%
9741947What Are You Doing New Year's Eve?
5%
5171956When Sunny Gets Blue
5%
2251928When You're Smiling
5%
3481940When You Wish Upon a Star
5%
2081937Where or When
5%
2971956Whisper Not
5%
3771929Why Was I Born
5%
5361929With a Song in My Heart
5%
9191940You Are My Sunshine
5%
7341929You Do Something to Me
5%
5961967You Must Believe in Spring
5%
5611954Young and Foolish
5%
961940You Stepped Out of a Dream
5%
3101928You Took Advantage of Me
5%
6601936You Turned the Tables on Me
5%
3981944A Flower Is a Lovesome Thing
2%
5601926After I Say I'm Sorry
2%
4861929Am I Blue
2%
3651934As Long As I Live
2%
7521946A Sunday Kind of Love
2%
8121927At Sundown
2%
9171887Away in a Manger
2%
4631916Beale Street Blues
2%
9671937Bei Mir Bist Du Schoen
2%
3211952Bemsha Swing
2%
7241949Be My Love
2%
6021940Blueberry Hill
2%
4291926Blue Room
2%
5941931Blues in My Heart
2%
8751955Bohemia After Dark
2%
3661940Broadway
2%
4991930Bye Bye Blues
2%
7901958Centerpiece
2%
2881922China Boy
2%
4411927Chloe
2%
5881936Christopher Columbus
2%
2981933Close Your Eyes
2%
8021939Comes Love
2%
3011956Con Alma
2%
2601928Crazy Rhythm
2%
5731936Dedicated to You
2%
8361929Deep Night
2%
2951934Deep Purple
2%
8591947Dexterity
2%
6941965Dindi
2%
931943Do Nothin' Till You Hear from Me
2%
381932Don't Blame Me
2%
6871946Do You Know What It Means to Miss New Orleans
2%
9951934Dream of You
2%
5661933Drop Me off in Harlem
2%
801937Easy Living
2%
1221936Easy to Love
2%
7201960Estate
2%
8111945Everything but You
2%
8421942Ev'rything I've Got (Belongs to You)
2%
1111934For All We Know
2%
7411927Four or Five Times
2%
514Trad.Frankie and Johnny
2%
3901950From This Moment On
2%
1501929Gee Baby Ain't I Good to You
2%
8251936Glad to Be Unhappy
2%
729Trad.God Rest Ye Merry Gentlemen
2%
2771944Good Bait
2%
7591931Guilty
2%
8801948Haunted Heart
2%
9591933Heat Wave
2%
4501941How About You
2%
5591929How Long, How Long Blues
2%
4151915I Ain't Got Nobody (and Nobody Cares for Me)
2%
8881944I Ain't Got Nothin' but the Blues
2%
1661926I Can't Believe That You're in Love with Me
2%
8411956I Could Have Danced All Night
2%
5001944I Didn't Know About You
2%
651928If I Had You
2%
1271946If You Could See Me Now
2%
5281932I Gotta Right to Sing the Blues
2%
4141940I Hear Music
2%
4531938I'll Be Seeing You
2%
8651945I'll Close My Eyes
2%
5311928I'll Get By (As Long As I Have You)
2%
2101932I'll Never Be the Same
2%
4731924I'll See You in My Dreams
2%
8441934I'll String Along with You
2%
3191951I'm a Fool to Want You
2%
6251947I Mean You
2%
1761933I'm Getting Sentimental Over You
2%
3631945I'm Just a Lucky So and So
2%
8841936I'm Putting All My Eggs in One Basket
2%
7941930I'm Yours
2%
3401955In the Wee Small Hours of the Morning
2%
1911934I Only Have Eyes for You
2%
1141945It Might As Well Be Spring
2%
7781939It's a Wonderful World
2%
2551933It's the Talk of the Town
2%
781926I've Found a New Baby
2%
2151924I Want to Be Happy
2%
3861935I Wished on the Moon
2%
6581918Ja-Da
2%
7381938Jeep Is Jumpin'
2%
8341944Johnny Come Lately
2%
7121949Jumpin' with Symphony Sid
2%
4611941Just A-Sittin' and A-Rockin'
2%
6281959Killer Joe
2%
9341941Let Me Off Uptown
2%
6161935Let's Face the Music and Dance
2%
6661923Linger Awhile
2%
6041980Love Dance
2%
691928Lover Come Back to Me
2%
2011937Love Walked In
2%
5861938Lullaby in Rhythm
2%
5021942Main Stem
2%
9361927Make Believe
2%
8901960Make Someone Happy
2%
2681920Margie
2%
6851962Meditation
2%
9071942Moonlight Becomes You
2%
721929More Than You Know
2%
2491932Moten Swing
2%
3421926Muskrat Ramble
2%
5841938My Heart Belongs to Daddy
2%
8451928My Monday Date
2%
8621938My Reverie
2%
2921941My Ship
2%
6221944Nancy (with the Laughing Face)
2%
3321956Never Let Me Go
2%
6571946Nobody Else but Me
2%
9791923Nobody Knows You When You're Down and Out
2%
9771868O Little Town of Bethlehem
2%
6301948On a Slow Boat to China
2%
3591922On the Alamo
2%
6411933On the Trail
2%
5341934(Ooh) What a Little Moonlight Can Do
2%
4671946Our Delight
2%
4881948Parker's Mood
2%
4111944Passion Flower
2%
8851939Perfidia
2%
5501936Pick Yourself Up
2%
9151922(Please) Do It Again
2%
4121942Raincheck
2%
6001935Red Sails in the Sunset
2%
9321930Ring Dem Bells
2%
7101947Robbin's Nest
2%
4371929Rockin' Chair
2%
9331941Rocks in My Bed
2%
9391937Rosalie
2%
7321922Rose of the Rio Grande
2%
9811949Rudolph the Red-Nosed Reindeer
2%
4681943See See Rider
2%
8161938Sent for You Yesterday
2%
6931942Serenade in Blue
2%
8911949Serenata
2%
5621940Seven Come Eleven
2%
1921928She's Funny That Way
2%
4761818Silent Night, Holy Night
2%
1971945Since I Fell for You
2%
9541929Singin' in the Rain
2%
5931918Somebody Stole My Gal
2%
4391939Something to Live For
2%
1491925Sometimes I'm Happy
2%
1711925Squeeze Me
2%
4241955Stablemates
2%
1671935Stairway to the Stars (Park Avenue Fantasy)
2%
9251942Stormy Monday Blues
2%
9511944Straighten Up and Fly Right
2%
9681954Stranger in Paradise
2%
8391936Summer Night
2%
4441953Teach me Tonight
2%
9571933Temptation
2%
1801942That Old Black Magic
2%
2611952That's All
2%
9061934The Continental
2%
4711937The Folks Who Live on the Hill
2%
8971936The Glory of Love
2%
4701962The Good Life
2%
7141929The Mooche
2%
2641930Them There Eyes
2%
7371924The One I Love (Belongs to Somebody Else)
2%
9241937There's a Lull in My Life
2%
6461960The Second Time Around
2%
6081971The Summer Knows
2%
7601931The Thrill Is Gone
2%
1071934The Very Thought of You
2%
4461914They Didn't Believe Me
2%
9871938They Say
2%
921942Things Ain't What They Used to Be
2%
4161941This Time the Dream's on Me
2%
9121937This Year's Kisses
2%
1451930Three Little Words
2%
3911956Too Close for Comfort
2%
6201950Too Late Now
2%
3851937Topsy
2%
4251943Travelin' Light
2%
6471952Trinkle Tinkle
2%
8791967Triste
2%
7841936Trust in Me
2%
6631932Try a Little Tenderness
2%
6961940Tuxedo Junction
2%
6451933Under a Blanket of Blue
2%
7221951Unforgettable
2%
7931953Un Poco Loco
2%
5221956Until I Met You (Corner Pocket)
2%
3171936Until the Real Thing Comes Along
2%
9081942Wait Till You See Her
2%
8541961Walk on By
2%
7681960West Coast Blues
2%
3731942What Am I Here For
2%
7171969What Are You Doing the Rest of Your Life
2%
7511924What'll I Do
2%
6751938When a Woman Loves a Man
2%
9731924When Day Is Done
2%
3311931When It's Sleepy Time Down South
2%
4851941When the Sun Comes Out
2%
5401920Whispering
2%
4191931Who Cares? (So Long As You Care for Me)
2%
4541923Who's Sorry Now?
2%
8611927Wild Man Blues
2%
9961963Wives and Lovers (Hey Little Girl)
2%
2351934You and the Night and the Music
2%
5551936You Better Go Now
2%
6781938You Leave Me Breathless
2%
6401932You're Blase
2%
5251933You're Mine You
2%
3741934You're My Thrill
2%
9401934You're the Top
2%
59719419:20 Special
0%
6501927Ain't She Sweet
0%
7001949Allen's Alley
0%
2961937All God's Chillun Got Rhythm
0%
9501936All My Life
0%
9661957An Affair to Remember
0%
9211930Any Old Time
0%
2831966A Time for Love
0%
9091937At Long Last Love
0%
5131918At the Jazz Band Ball
0%
9011920Aunt Hagar's Blues
0%
2051919Baby Won't You Please Come Home
0%
4511927Back in Your Own Backyard
0%
9821927Back Water Blues
0%
8721953Bad and the Beautiful (Theme from the)
0%
6421938Baia
0%
6771913Ballin' the Jack
0%
4221953Baubles, Bangles and Beads
0%
7331948Big Foot
0%
9751902Bill Bailey Won't You Please Come Home
0%
5011926Birth of the Blues
0%
7441929Blue Turning Grey Over You
0%
8271937By Myself
0%
5491940Cabin in the Sky
0%
5631956Canadian Sunset
0%
7871921Careless Love
0%
7031906Chinatown My Chinatown
0%
8471979Close Enough for Love
0%
8681950Conception
0%
4071928Coquette
0%
8401930Cottage for Sale
0%
3881949Crazy He Calls Me
0%
5891921Dear Old Southland
0%
7401938Deep in a Dream
0%
651Trad.Deep River
0%
8811944Dizzy Atmosphere
0%
9981938Doggin' Around
0%
8321954Don't Go to Strangers
0%
5211941Don't Take Your Love from Me
0%
1771939Don't Worry 'Bout Me
0%
4521944Don't You Know I Care?
0%
6621933Easter Parade
0%
9491940Easy Does It
0%
9691936Echoes of Harlem
0%
5071924Everybody Loves My Baby
0%
5791933Everything I Have Is Yours
0%
7611974Everything Must Change
0%
9311938Every Tub
0%
7731941Ev'rything I Love
0%
1131930Exactly Like You
0%
2891938Falling in Love with Love
0%
4131922Farewell Blues
0%
8031940Five O'clock Whistle
0%
4601940Fools Rush in (Where Angels Fear to Tread)
0%
4561946For Heaven's Sake
0%
8831964Goin' Out of My Head
0%
5351941Goin' to Chicago Blues
0%
7431936Goodnight My Love
0%
8941948Half Nelson
0%
3841927Hallelujah
0%
9941942Harvard Blues
0%
9281951Hello Young Lovers
0%
5821929How Am I to Know?
0%
6901924How Come You Do Me Like You Do
0%
9631961I Believe in You
0%
7261936I Can't Escape from You
0%
9201958I Can't Stop Loving You
0%
9551942Idaho
0%
4641931I Don't Know Why (I Just Do)
0%
4911934If Dreams Come True
0%
1551926If I Could Be with You (One Hour Tonight)
0%
7531929I Guess I'll Have to Change My Plan
0%
2851926I Know That You Know
0%
2721942I'll Be Around
0%
5681931(I'll Be Glad When You're Dead) You Rascal You
0%
6721937I'll Take Romance
0%
7351944I'll Walk Alone
0%
6261929I May Be Wrong
0%
2261927I'm Coming Virginia
0%
6861931I'm Crazy 'Bout My Baby
0%
3571941I'm Glad There Is You
0%
5151935I'm Gonna Sit Right Down and Write Myself a Letter
0%
9641921I'm Just Wild About Harry
0%
6361931I'm Thru with Love
0%
5641928I Must Have That Man
0%
6671926In a Little Spanish Town
0%
2671919Indian Summer
0%
3031925I Never Knew
0%
9021937I See Your Face Before Me
0%
7631976Isn't She Lovely
0%
8051943Is You Is or Is You Ain't My Baby?
0%
9371926It All Depends on You
0%
9891850It Came Upon a Midnight Clear
0%
5271935It's Easy to Remember
0%
6891948It's Magic
0%
8521938It's Wonderful
0%
3721948It's You or No One
0%
7021929I've Got a Feeling I'm Falling
0%
3041956I've Grown Accustomed to Her Face
0%
4651950I've Never Been in Love Before
0%
8661946I Waited for You
0%
3601930I Want a Little Girl
0%
9051946I Want to Talk About You
0%
3121945I Wish I Knew
0%
9841946I Wish You Love
0%
7671939Jive At Five
0%
781Trad.Just a Closer Walk with Thee
0%
2301956Just in Time
0%
3781932Keepin' Out of Mischief Now
0%
5261937Last Night When We Were Young
0%
6431954Lazy Afternoon
0%
6801930Little White Lies
0%
5741928Lonesome Road
0%
2991944Long Ago (and Far Away)
0%
6731920Look for the Silver Lining
0%
6881949Lost in the Stars
0%
8861947Lotus Blossom
0%
8211934Love Is Just Around the Corner
0%
7151921Loveless Love
0%
3091945Love Letters
0%
5811935Lulu's Back in Town
0%
8641947Maybe You'll Be There
0%
7301957Meaning of the Blues
0%
9221930My Baby Just Cares for Me
0%
4061927My Blue Heaven
0%
4961922My Buddy
0%
8731922My Honey's Lovin' Arms
0%
7461932My Silent Love
0%
6171928Nagasaki
0%
7821956Namely You
0%
8431924Nobody's Sweetheart Now
0%
5691948No Moon At All
0%
8761947Off Minor
0%
7831939Oh You Crazy Moon
0%
8001966On a Clear Day (You Can See Forever)
0%
2621937Once in a While
0%
9481943Opus One
0%
7361936Organ Grinder's Swing
0%
4931911Panama
0%
6551913Peg O' My Heart
0%
9651929Pinetop's Boogie Woogie
0%
6971938Please Be Kind
0%
6341930Please Don't Talk About Me When I'm Gone
0%
3221950Please Send Me Someone to Love
0%
1961916Poor Butterfly
0%
7951948Portrait of Jennie
0%
6701931Prisoner of Love
0%
7741934P.S. I Love You
0%
7801946Ray's Idea
0%
8551947Red Top
0%
9851939Riverboat Shuffle
0%
8141938Roll 'Em
0%
9301941Roll 'Em Pete
0%
4821922Runnin' Wild
0%
6391932Say It Isn't So
0%
3111953Secret Love
0%
8261917Shim-Me-Sha-Wabble
0%
6441936Shoe Shine Boy
0%
7771917Smiles
0%
9611959Smooth Sailing
0%
9001941Snowfall
0%
4431948So in Love (Am I)
0%
3641919Someday Sweetheart
0%
4051910Some of These Days
0%
6311939Some Other Spring
0%
8311962Sometime Ago
0%
5051918Sometimes I Feel Like a Motherless Child
0%
6641928Sonny Boy
0%
9461937So Rare
0%
1201943Speak Low
0%
7911919Sugar Blues
0%
8131926Sugar Foot Stomp
0%
9561928Sweethearts on Parade
0%
5201938Swinging the Blues
0%
8501934Taboo
0%
8351939Tain't What You Do
0%
7621937Thanks for the Memory
0%
8241944That Old Devil Called Love
0%
5711914That's a Plenty
0%
8781959The Best Is Yet to Come
0%
7891950The Best Thing for You
0%
8181927The Best Things in Life Are Free
0%
4471928The Breeze and I
0%
3921950The End of a Love Affair
0%
8091938The Flat Foot Floogie
0%
7791931The Hour of Parting
0%
6651939The Lady's in Love with You
0%
3961938The Masquerade Is Over
0%
3181945The More I See You
0%
4451944The Night We Called It a Day
0%
5511934Then I'll Be Tired of You
0%
7041956The Party's Over
0%
5191928The Peanut Vendor
0%
9131942There Are Such Things
0%
4011921There'll Be Some Changes Made
0%
5181944There's No You
0%
7851946The Things We Did Last Summer
0%
4741936The Touch of Your Lips
0%
8741919The World Is Waiting for the Sunrise
0%
3451946They Say It's Wonderful
0%
9971958This Is All I Ask
0%
3151946This Is Always
0%
5901941This Love of Mine
0%
6791940Tickle Toe
0%
10001946To Each His Own
0%
7491928Together
0%
4091926Trouble in Mind
0%
8171938Two Sleepy People
0%
1051939Undecided
0%
5581956Upper Manhattan Medical Group (UMMG)
0%
5771930Walkin' My Baby Back Home
0%
6131915Weary Blues
0%
2411945We'll Be Together Again
0%
3671934What a Difference a Day Made
0%
2321933What Is There to Say
0%
9931962What Kind of Fool Am I?
0%
8191937What Will I Tell My Heart
0%
3491936When Lights Are Low
0%
4311927Why Do I Love You?
0%
3281940Will You Still Be Mine
0%
6691923Wolverine Blues
0%
6351951Wonder Why
0%
1901931Wrap Your Troubles in Dreams
0%
7471930You Brought a New Kind of Love to Me
0%
3751932You Can Depend on Me
0%
8771943You'll Never Know
0%
9471913You Made Me Love You
0%
8481946You Make Me Feel so Young
0%
8301939You're a Lucky Guy
0%
7561937You're a Sweetheart
0%
2431930You're Driving Me Crazy (What Did I Do?)
0%
7701932You're Getting to Be a Habit with Me
0%
8711929Yours Is My Heart Alone
0%
3951942You've Changed
0%

Score Distribution

Percentile by Number Answered

Percent of People with Each Score

Your Score History

You have not taken this quiz